Техническая термодинамика: лекционный видеокурс

Бібліографічні деталі
Автор: Половников В. Ю. Вячеслав Юрьевич
Співавтор: Национальный исследовательский Томский политехнический университет Инженерная школа энергетики Научно-образовательный центр И. Н. Бутакова (НОЦ И. Н. Бутакова)
Резюме:Заглавие с экрана
Материал рассчитан на студентов технических вузов. Теоретическим фундаментом теплотехники является техническая термодинамика, на базе этой дисциплины осуществляются расчеты и проектирование тепловых двигателей, аппаратов и устройств, применяемых в электроэнергетике и в различных отраслях хозяйства, например, двигатели внутреннего сгорания, газотурбинные двигатели, газотурбинные и паротурбинные установки, реактивные и ракетные двигатели, компрессоры, холодильные машины, тепловые насосы и др. Рассмотрены основные понятия и законы термодинамики. Дана характеристика технической термодинамике, технической системе, техническим параметрам состояния (давление, температура, удельный объем). Разобрано термическое уравнение состояния. Представлены примеры расчетов механических газовых смесей, которые химически не реагируют при условии, когда химическая смесь является идеальным газом. Изложены 3 способа задания газовой смеси. Дана характеристика термодинамического процесса. Рассмотрены особенности первого и второго закона термодинамики
Интерактивный мультимедиа ресурс
AM_Login_TPU
Мова:Російська
Опубліковано: Томск, 2017
Серія:Лекторий ТПУ
Предмети:
Онлайн доступ:https://edu.tpu.ru/course/info.php?id=156
Формат: Електронний ресурс Книга
KOHA link:https://koha.lib.tpu.ru/cgi-bin/koha/opac-detail.pl?biblionumber=658332

MARC

LEADER 00000nlm0a2200000 4500
001 658332
005 20250122104805.0
035 |a (RuTPU)RU\TPU\network\26042 
090 |a 658332 
100 |a 20181004d2017 m y0rusy50 ca 
101 0 |a rus 
102 |a RU 
135 |a jrcn ---uucaa 
181 0 |a i   |b  e  
182 0 |a b 
183 0 |a cr  |2 RDAcarrier 
200 1 |a Техническая термодинамика  |e лекционный видеокурс  |f В. Ю. Половников  |g Национальный исследовательский Томский политехнический университет, Инженерная школа энергетики, Научно-образовательный центр И. Н. Бутакова (НОЦ И. Н. Бутакова) 
203 |a Текст  |a Звуки  |a Изображение  |a Устная речь  |c электронный  |b визуальный 
210 |a Томск  |d 2017 
225 1 |a Лекторий ТПУ 
283 |a online_resource  |2 RDAcarrier 
300 |a Заглавие с экрана 
330 |a Материал рассчитан на студентов технических вузов. Теоретическим фундаментом теплотехники является техническая термодинамика, на базе этой дисциплины осуществляются расчеты и проектирование тепловых двигателей, аппаратов и устройств, применяемых в электроэнергетике и в различных отраслях хозяйства, например, двигатели внутреннего сгорания, газотурбинные двигатели, газотурбинные и паротурбинные установки, реактивные и ракетные двигатели, компрессоры, холодильные машины, тепловые насосы и др. Рассмотрены основные понятия и законы термодинамики. Дана характеристика технической термодинамике, технической системе, техническим параметрам состояния (давление, температура, удельный объем). Разобрано термическое уравнение состояния. Представлены примеры расчетов механических газовых смесей, которые химически не реагируют при условии, когда химическая смесь является идеальным газом. Изложены 3 способа задания газовой смеси. Дана характеристика термодинамического процесса. Рассмотрены особенности первого и второго закона термодинамики 
336 |a Интерактивный мультимедиа ресурс 
371 0 |a AM_Login_TPU 
606 |a Термодинамика техническая  |x (теплотехника)  |2 stltpush  |3 (RuTPU)RU\TPU\subj\68640  |9 83835 
610 1 |a электронный ресурс 
610 1 |a труды учёных ТПУ 
610 1 |a видеоуроки 
610 1 |a видеолекции 
610 1 |a основные понятия 
610 1 |a законы 
675 |a 621.1  |v 4 
700 1 |a Половников  |b В. Ю.  |c специалист в области теплотехники  |c доцент Томского политехнического университета, доктор технических наук  |f 1980-  |g Вячеслав Юрьевич  |3 (RuTPU)RU\TPU\pers\25532  |9 11462 
712 0 2 |a Национальный исследовательский Томский политехнический университет  |b Инженерная школа энергетики  |b Научно-образовательный центр И. Н. Бутакова (НОЦ И. Н. Бутакова)  |3 (RuTPU)RU\TPU\col\23504 
801 2 |a RU  |b 63413507  |c 20181219  |g RCR 
830 |a ЦОР2024 
856 4 |u https://edu.tpu.ru/course/info.php?id=156  |z https://edu.tpu.ru/course/info.php?id=156 
942 |c CF